| 000 | 00596nam a2200181 4500 | ||
|---|---|---|---|
| 001 | 119280 | ||
| 003 | ES-MaACL | ||
| 005 | 20230906191259.0 | ||
| 007 | t| | ||
| 008 | 070214s1904 fr r ||||1| fre d | ||
| 100 | 1 |
_aPhilippovich, Eugen von. _991682 |
|
| 245 | 1 | 3 |
_aLa politique agraire / _cpar Eugen von Philippovich ; traduit de l'allemand par Savinien Bouyssy ; avec une preface de A. Souchon. |
| 260 |
_aParis : _bSaint Amand Bussière, _c1904. |
||
| 300 |
_aXV, 343 p. ; _c23 cm. |
||
| 700 | 1 |
_aBouyssy, Savinien. _931097 |
|
| 700 | 1 |
_aSouchon, A. _9107559 |
|
| 852 |
_aES-MaACL _jF-14143 |
||
| 999 |
_c119280 _d119280 |
||